000 00487nam a22001817a 4500
005 20251215143427.0
008 251215b |||||||| |||| 00| 0 eng d
037 _cTB
040 _aAL
_cAL
041 _2URD
_aURD
100 _aBoosing, Nelson L.
_9856634
245 _aSanvi madaris mein tadrees
260 _c1989.
365 _b60.00
_cINR
700 _aHashmi, Ali Akhtar
_eTranslator
_9856635
942 _2CC
_cTB
_n0
999 _c1466382
_d1466382